| 000 | 00000nam##2200000za#4500 |
| 001 | 9.607415 |
| 003 | CaOODSP |
| 005 | 20210624213121 |
| 007 | cr ||||||||||| |
| 008 | 150406|1980||||xxc|||||o f|0| 0 fre|d |
| 040 | |aCaOODSP|bfre |
| 043 | |an-cn--- |
| 086 | 1 |aFs97-14/117-1980F-PDF |
| 110 | 1 |aCanada. |bMinistère des pêches et des océans. |bRégion des Maritimes. |
| 245 | 10|aL'industrie canadienne de la crevette de l'Atlantique – Perspectives de développement / |h[ressource électronique]|cpar P.R. Toews. |
| 260 | |aOttawa - Ontario : |bPêches et Océans Canada. |c1980. |
| 300 | |a51p.|bfigure, références, tableaux |
| 490 | 1 |aRapports canadiens à l'industrie sur les sciences halieutiques et aquatiques|vN° 117 |
| 500 | |aFichier reproduit à partir de l'original imprimé. Sur la p. de t. : Direction de 1a po1itique économique, Ottawa, Ontario. Le numéro de catalogue et l'ISSN de l'édition imprimée apparaissent dans la version PDF. |
| 546 | |a(Abstract in English.) |
| 590 | |a14-15-Supp|b2014-09-04 |
| 720 | 1 |aToews, P. R. |
| 775 | 08|tThe Canadian Atlantic shrimp fishery - Prospects for development / |w(CaOODSP)9.580462 |
| 830 | #0|aRapports canadiens à l'industrie sur les sciences halieutiques et aquatiques ;|vN° 117|w(CaOODSP)9.501601 |
| 856 | 40|ahttp://publications.gc.ca|qPDF|s751 Ko|uhttps://publications.gc.ca/collections/collection_2014/mpo-dfo/Fs97-14-117-1980-fra.pdf|yN° 117 |